Nuôi gà thịt Label lông màu

Guardado en:
Detalles Bibliográficos
Autor principal: Lê Hồng Mận
Formato: Libro
Lenguaje:Undetermined
Publicado: H. Nông Nghiệp 2001
Materias:
Etiquetas: Agregar Etiqueta
Sin Etiquetas, Sea el primero en etiquetar este registro!
Thư viện lưu trữ: Trung tâm Học liệu Trường Đại học Cần Thơ
LEADER 00558nam a2200205Ia 4500
001 CTU_55438
008 210402s9999 xx 000 0 und d
020 |b 11000 
082 |a 636.5 
082 |b M121 
100 |a Lê Hồng Mận 
245 0 |a Nuôi gà thịt Label lông màu 
245 0 |c Lê Hồng Mận và Đoàn Xuân Trúc 
260 |a H. 
260 |b Nông Nghiệp 
260 |c 2001 
650 |a poultry,chicken 
650 |x breeding 
904 |i Minh 
980 |a Trung tâm Học liệu Trường Đại học Cần Thơ